000 00452nam a2200181Ia 4500
001 3467
005 20260306145645.0
008 260306t2014||||xx |||||||||||||| ||spa||
041 _aESP
082 _a279.8
_bM86
100 _aMorales Cruz, Joel
_eAUT
245 4 _aThe histories of the latin american church:
_ba handbook
260 _c2014
300 _axv, 676 páginas :
_c23 cm.
650 _aGEN
654 _aCHU
942 _cLIB
_dJUS
_fJUS
_2ddc
_n
999 _c3467
_d3467